Never a rebel : a personal war history of a Biafran sapper/
Saved in:
| Main Author: | |
|---|---|
| Format: | Book |
| Language: | English |
| Published: |
Osielu West Africa
2014
|
| Tags: |
Add Tag
No Tags, Be the first to tag this record!
|
MARC
| LEADER | 00000nam a22000007a 4500 | ||
|---|---|---|---|
| 008 | 201221b ||||| |||| 00| 0 eng d | ||
| 020 | |a 978-978-943-601-9 | ||
| 100 | |a NWACHUKWU, Wash | ||
| 245 | |a Never a rebel |b : a personal war history of a Biafran sapper/ |c Wash Nwachukwu |g Xxviii, 192p. | ||
| 260 | |b Osielu West Africa |c 2014 |h Abuja |i 681425 |i 681424 |l 681425 |m War stores – Nigeria. |m Biafra war. | ||
| 942 | |a lcc |c BK |e Kuteyi, M. A |f 21/12/2020 | ||
| 952 | |0 0 |1 0 |2 lcc |4 0 |6 HM00365 N97 |7 0 |9 1026 |a HOL |b AC |c GJ |d 2020-12-21 |l 0 |o HM36.5 .N97 |p 2020-230245 |r 2020-12-21 00:00:00 |w 2020-12-21 |y BK | ||
| 952 | |0 0 |1 0 |2 lcc |4 0 |6 HM00365 N97 |7 0 |9 1027 |a HOL |b HOL |c GJ |d 2020-12-21 |l 0 |o HM36.5 .N97 |p 2020-230246 |r 2020-12-21 00:00:00 |w 2020-12-21 |y BK | ||
| 952 | |0 0 |1 0 |2 lcc |4 0 |6 HM00365 N97 |7 0 |9 1028 |a HOL |b HOL |c GJ |d 2020-12-21 |l 0 |o HM36.5 .N97 |p 2020-230247 |r 2020-12-21 00:00:00 |w 2020-12-21 |y BK | ||
| 999 | |c 529 |d 529 | ||